[Event "57th World Juniors 2018"]
[Site "Manavgat TUR"]
[Date "2018.09.07"]
[Round "4.5"]
[White "Narayanan, S.L."]
[Black "Harsha, Bharathakoti"]
[Result "0-1"]
[WhiteTitle "GM"]
[BlackTitle "IM"]
[WhiteElo "2573"]
[BlackElo "2474"]
[WhiteFideId "5058422"]
[BlackFideId "5078776"]
[EventDate "2018.09.05"]

1. e4 d6 2. d4 Nf6 3. Nc3 g6 4. f4 Bg7 5. Nf3 c5 6. dxc5 Qa5 7. Qe2 Qxc5 8. Be3
Qa5 9. O-O-O Nc6 10. e5 dxe5 11. fxe5 Ng4 12. Rd5 Qc7 13. Nb5 Qb8 14. Bf4 Be6
15. Rc5 O-O 16. g3 Qd8 17. h3 Qb6 18. hxg4 Qxc5 19. Qh2 Rfc8 20. Qxh7+ Kf8 21.
Rh2 Nxe5 22. Bh6 Ke8 23. Nxe5 Bxe5 24. Rd2 Bd5 25. c4 Qxb5 26. b3 Qa5 27. Bg2
Qc3+ 28. Kd1 Bf3+ 29. Bxf3 Qxf3+ 30. Kc1 Bd6 31. Bf4 Qc3+ 32. Kb1 Qf6 33. Be3
Qe6 34. Bf4 g5 35. Bxd6 exd6 36. Qh1 Rab8 37. Qf3 Kf8 0-1

[Event "57th World Juniors 2018"]
[Site "Manavgat TUR"]
[Date "2018.09.07"]
[Round "4.6"]
[White "Kevlishvili, Robby"]
[Black "Karthikeyan, Murali"]
[Result "1/2-1/2"]
[WhiteTitle "IM"]
[BlackTitle "GM"]
[WhiteElo "2485"]
[BlackElo "2605"]
[WhiteFideId "1040634"]
[BlackFideId "5074452"]
[EventDate "2018.09.05"]

1. e4 c5 2. Nf3 e6 3. d4 cxd4 4. Nxd4 a6 5. c4 Nf6 6. Nc3 Bb4 7. Qd3 d6 8. Nc2
Bc5 9. Be2 Nc6 10. O-O O-O 11. Be3 e5 12. Rfd1 Be6 13. Rab1 Rc8 14. b4 Bxe3 15.
Qxe3 Qc7 16. Rbc1 Rfd8 17. h3 Nb8 18. Na3 Nbd7 19. Qd2 Nb6 20. Nd5 Bxd5 21. cxd5
Qd7 22. Qe3 Rxc1 23. Rxc1 Rc8 24. Bd3 Rxc1+ 25. Qxc1 h5 26. Nb1 Qa4 27. a3 a5
28. Nc3 Qb3 29. bxa5 Nbd7 30. a6 bxa6 31. Bxa6 Nc5 32. Bf1 h4 33. f3 Nh5 34. Nb5
Ng3 35. Bc4 Qa4 36. Nxd6 Qa5 37. Nf5 Nb3 38. Qe3 Nd4 39. Nxh4 Nge2+ 40. Kf2 Nc3
41. Kg3 Qc5 42. Qg5 Qxc4 43. Qxe5 g6 44. Nxg6 fxg6 45. Qe8+ 1/2-1/2

[Event "57th World Juniors 2018"]
[Site "Manavgat TUR"]
[Date "2018.09.07"]
[Round "4.7"]
[White "Karthik, Venkataraman"]
[Black "Liang, Awonder"]
[Result "1/2-1/2"]
[WhiteTitle "IM"]
[BlackTitle "GM"]
[WhiteElo "2519"]
[BlackElo "2575"]
[WhiteFideId "25006479"]
[BlackFideId "2056437"]
[EventDate "2018.09.05"]

1. e4 e5 2. Nf3 Nc6 3. Bb5 a6 4. Ba4 Nf6 5. O-O Be7 6. Re1 b5 7. Bb3 d6 8. c3
O-O 9. h3 Nb8 10. d4 Nbd7 11. Nbd2 Bb7 12. Bc2 Re8 13. Nf1 Bf8 14. Ng3 g6 15. a4
Bg7 16. Bd3 d5 17. Bg5 b4 18. cxb4 h6 19. Bxf6 Qxf6 20. exd5 Bxd5 21. Be4 c6 22.
Qd2 exd4 23. Bxd5 cxd5 24. Ne2 Ne5 25. Nxe5 Rxe5 26. Nf4 Rxe1+ 27. Rxe1 Qc6 28.
a5 Qb5 29. Rc1 Bf8 30. Qxd4 Qxb4 31. Qe5 Qe4 32. Qxe4 dxe4 33. Nd5 Rb8 34. Rc6
Rxb2 35. Rxa6 Kg7 36. Rc6 Rb5 1/2-1/2

[Event "57th World Juniors 2018"]
[Site "Manavgat TUR"]
[Date "2018.09.07"]
[Round "4.8"]
[White "Lodici, Lorenzo"]
[Black "Vavulin, Maksim"]
[Result "0-1"]
[WhiteTitle "IM"]
[BlackTitle "IM"]
[WhiteElo "2458"]
[BlackElo "2559"]
[WhiteFideId "884189"]
[BlackFideId "4169530"]
[EventDate "2018.09.05"]

1. d4 g6 2. e4 Bg7 3. Nf3 e6 4. c3 Ne7 5. Bd3 b6 6. Nbd2 Bb7 7. h4 h6 8. Qe2 d6
9. Nc4 Nd7 10. Bf4 d5 11. exd5 Nxd5 12. Bg3 O-O 13. Nfe5 Nxe5 14. Nxe5 Qe7 15.
O-O-O Rfc8 16. Kb1 c5 17. dxc5 Rxc5 18. c4 Nf6 19. f4 Nh5 20. Qe3 Bxg2 21. Rhg1
Bb7 22. Rd2 Rd8 23. Bh2 Rcc8 24. Nxf7 Qxf7 25. Bxg6 Qf6 26. Bxh5 Rxd2 27. Qxd2
Qf5+ 28. Ka1 Qxh5 29. f5 Qxf5 30. Qc3 Bg2 31. Qd2 Qf3 32. Qxg2 Qxg2 33. Rxg2
Rxc4 34. Kb1 Kf7 35. Bg3 Rg4 36. Rf2+ Kg6 37. Bb8 a5 38. Re2 Kf5 39. Rf2+ Ke4
40. Re2+ Kd3 0-1

[Event "57th World Juniors 2018"]
[Site "Manavgat TUR"]
[Date "2018.09.07"]
[Round "4.9"]
[White "Sargsyan, Shant"]
[Black "Kollars, Dmitrij"]
[Result "1/2-1/2"]
[WhiteTitle "IM"]
[BlackTitle "GM"]
[WhiteElo "2477"]
[BlackElo "2536"]
[WhiteFideId "13306766"]
[BlackFideId "12909572"]
[EventDate "2018.09.05"]

1. d4 Nf6 2. c4 e6 3. Nf3 d5 4. g3 dxc4 5. Bg2 c5 6. O-O Nc6 7. dxc5 Qxd1 8.
Rxd1 Bxc5 9. Nfd2 Na5 10. Na3 Bxa3 11. bxa3 Nd5 12. Ne4 O-O 13. Bd2 b6 14. Rac1
Bd7 15. Bxa5 bxa5 16. Nd6 Rab8 17. Bxd5 exd5 18. Rxd5 Be6 19. Rxa5 Rb2 20. Kf1
Rfb8 21. Rxa7 h5 22. Rc7 Rb1 23. Rxb1 Rxb1+ 24. Kg2 Rb2 25. e4 Rxa2 26. Nb5 Rd2
27. Rc5 f6 28. h4 Rd3 29. f3 Rd2+ 30. Kg1 Bd7 31. a4 Bxb5 32. axb5 Rb2 33. Rxc4
Rxb5 34. Kf2 Kf7 35. Rc7+ Kg6 36. Ke3 Rb1 37. Kf4 Rf1 38. Rc5 Rf2 39. Rd5 Rf1
40. Ke3 Rg1 41. Kf2 Ra1 42. f4 Ra3 43. Rd8 Kh7 44. Rd6 Rb3 45. Rd2 Kg6 46. Re2
Ra3 47. Re3 Ra1 48. Rb3 Ra4 49. Ke3 Rc4 50. Kf3 Ra4 51. Re3 Ra1 52. Ke2 Ra4 53.
Kf2 Rb4 54. Kf3 Rb1 55. Rc3 Rb4 56. f5+ Kh6 57. Ke3 Ra4 58. Rd3 Rb4 59. Rd4 Rb1
60. Rd6 Kh7 61. Re6 Re1+ 62. Kf3 Rf1+ 63. Ke2 Rg1 64. Kf2 Ra1 65. e5 Ra5 66. Kf3
fxe5 67. Ke4 Ra3 68. Rg6 Ra5 69. Rg5 Kh6 70. Rg6+ 1/2-1/2

[Event "57th World Juniors 2018"]
[Site "Manavgat TUR"]
[Date "2018.09.07"]
[Round "4.10"]
[White "Puranik, Abhimanyu"]
[Black "Can, Isik"]
[Result "1-0"]
[WhiteTitle "GM"]
[BlackTitle "FM"]
[WhiteElo "2524"]
[BlackElo "2361"]
[WhiteFideId "5061245"]
[BlackFideId "6383742"]
[EventDate "2018.09.05"]

1. e4 c6 2. Nc3 d5 3. Nf3 Bg4 4. h3 Bxf3 5. Qxf3 e6 6. g3 Nf6 7. Bg2 Nbd7 8. d4
dxe4 9. Nxe4 Nxe4 10. Qxe4 Nf6 11. Qd3 Be7 12. O-O O-O 13. c3 Qb6 14. Qe2 a5 15.
a4 Rfd8 16. Rd1 Rd7 17. Bf3 Qb3 18. Kg2 Rad8 19. h4 c5 20. Be3 Nd5 21. Bg5 cxd4
22. Rxd4 Bxg5 23. hxg5 Ne7 24. Rxd7 Rxd7 25. Qb5 Qxb5 26. axb5 f6 27. gxf6 gxf6
28. Rxa5 Nf5 29. b6 Nd6 30. b3 1-0

[Event "57th World Juniors 2018"]
[Site "Manavgat TUR"]
[Date "2018.09.07"]
[Round "4.11"]
[White "Makhnev, Denis"]
[Black "Santos Ruiz, Miguel"]
[Result "1/2-1/2"]
[WhiteTitle "IM"]
[BlackTitle "GM"]
[WhiteElo "2449"]
[BlackElo "2524"]
[WhiteFideId "13707647"]
[BlackFideId "22291482"]
[EventDate "2018.09.05"]

1. Nf3 d5 2. g3 Nd7 3. c4 dxc4 4. Na3 e5 5. Qc2 Bxa3 6. bxa3 Ne7 7. Bb2 Nc6 8.
Bg2 O-O 9. Qxc4 Nb6 10. Qc2 Re8 11. d3 Bg4 12. O-O Qd7 13. Rfe1 Nd5 14. Rac1
Rad8 15. Qc5 f6 16. Nd2 Bh3 17. Bh1 Nde7 18. Nb3 Qc8 19. Qc2 Be6 20. Nc5 Bf7 21.
a4 b6 22. Ne4 Bd5 23. a5 Qa8 24. Bf3 Kh8 25. Bh5 Rg8 26. Ba3 Rd7 27. Qa4 Rgd8
28. Nc3 Nxa5 29. Bg4 f5 30. Bxe7 Rxe7 31. Bxf5 Bg8 32. Qh4 Rf7 33. Be6 Rff8 34.
Bxg8 Kxg8 35. Ne4 Qc8 36. Qe7 c5 37. Qxa7 Qc6 38. Rb1 Rb8 39. Qe7 Rfe8 40. Qd6
Qxd6 41. Nxd6 Red8 42. Nf5 b5 43. Rec1 c4 44. dxc4 bxc4 45. Rxb8 Rxb8 46. Rc2
Rb4 47. Ne3 Kf7 48. Kg2 Ke6 49. Kf3 Ra4 50. Nd1 Ra3+ 51. e3 Rd3 52. Ke2 Ra3 53.
Nc3 Nc6 54. Nb5 Ra4 55. Rb2 Nb4 56. Nc3 Ra3 57. Rxb4 Rxc3 58. Kd2 Ra3 59. Rxc4
Rxa2+ 60. Ke1 Kf6 61. Kf1 Rb2 62. Kg2 Ra2 63. g4 h6 64. h4 Ra6 65. Kf3 Ra2 66.
Rc6+ Kf7 67. g5 hxg5 68. hxg5 Rb2 69. Ke4 Rxf2 70. g6+ Ke7 71. Kxe5 Rg2 72. e4
Rg5+ 73. Kf4 Ra5 74. Ke3 Ra4 75. Rb6 Rc4 76. Ra6 Rb4 77. Kd3 Rb1 78. Kd4 Rb4+
79. Ke5 Rb5+ 80. Kf4 Rc5 81. e5 Rc1 82. Ra7+ Ke6 83. Rxg7 Rf1+ 84. Kg3 Rg1+ 85.
Kf2 Rg5 86. Ra7 Rxg6 87. Ra6+ Kf5 88. Rxg6 Kxg6 89. Ke3 Kf5 90. Kd4 Ke6 91. Ke4
Ke7 92. Kd5 Kd7 93. e6+ Ke7 94. Ke5 Ke8 95. Kd6 Kd8 96. e7+ Ke8 97. Ke6 1/2-1/2

[Event "57th World Juniors 2018"]
[Site "Manavgat TUR"]
[Date "2018.09.07"]
[Round "4.12"]
[White "Zou, Chen"]
[Black "Yakubboev, Nodirbek"]
[Result "1/2-1/2"]
[WhiteTitle "FM"]
[BlackTitle "IM"]
[WhiteElo "2365"]
[BlackElo "2521"]
[WhiteFideId "8610959"]
[BlackFideId "14203987"]
[EventDate "2018.09.05"]

1. e4 e5 2. Nf3 Nc6 3. Bb5 a6 4. Ba4 Nf6 5. O-O Be7 6. Re1 b5 7. Bb3 d6 8. c3
O-O 9. h3 Nb8 10. d4 Nbd7 11. Nbd2 Bb7 12. Bc2 Re8 13. Nf1 Bf8 14. Ng3 g6 15. a4
Bg7 16. Bd3 c6 17. Bg5 Qc7 18. Qd2 Nf8 19. b4 Ne6 20. Be3 Nd7 21. Rec1 Nb6 22.
a5 Nd7 23. dxe5 Nxe5 24. Nxe5 dxe5 25. Bb6 Qe7 26. Bf1 Bf8 27. Rab1 f6 28. Rd1
Qf7 29. Qe3 Bc8 30. Ne2 Ng7 31. Nc1 f5 32. Nb3 f4 33. Qe2 g5 34. Nc5 Ne6 35.
Nxe6 Bxe6 36. Rd2 h5 37. f3 g4 38. fxg4 hxg4 39. hxg4 Qg6 40. Qd1 Qxg4 41. Qxg4+
Bxg4 42. Be2 Bxe2 43. Rxe2 c5 44. g3 cxb4 45. cxb4 Rac8 46. gxf4 exf4 47. Rf1
Bd6 48. Bc5 Bxc5+ 49. bxc5 Rxc5 50. Rg2+ Kf7 51. Rxf4+ Ke6 52. Rg6+ Ke5 53. Rh4
Rc2 54. Rg5+ Kd6 55. Rh6+ Re6 56. Rxe6+ Kxe6 57. Rg6+ Ke5 58. Rxa6 Kxe4 59. Rb6
Ra2 60. Rxb5 Kd4 61. Rh5 Kc4 62. Rg5 Kb4 63. Rh5 Rxa5 64. Rxa5 Kxa5 1/2-1/2

[Event "57th World Juniors 2018"]
[Site "Manavgat TUR"]
[Date "2018.09.07"]
[Round "4.13"]
[White "Xu, Xiangyu"]
[Black "Lorparizangeneh, Shahin"]
[Result "1/2-1/2"]
[WhiteTitle "GM"]
[BlackTitle "GM"]
[WhiteElo "2586"]
[BlackElo "2491"]
[WhiteFideId "8608288"]
[BlackFideId "12521604"]
[EventDate "2018.09.05"]

1. Nf3 d5 2. d4 Nf6 3. c4 c6 4. Nc3 e6 5. g3 dxc4 6. Bg2 Nbd7 7. O-O Be7 8. a4
O-O 9. a5 b5 10. axb6 Qxb6 11. Qa4 Bb7 12. Qxc4 c5 13. dxc5 Qxc5 14. Qxc5 Bxc5
15. Rd1 Nd5 16. Nxd5 Bxd5 17. Ne1 Nf6 18. Nd3 Bb6 19. Bxd5 Nxd5 20. Nf4 Nxf4 21.
Bxf4 Rfd8 22. Rxd8+ Rxd8 23. Be3 Bxe3 24. fxe3 Rd7 25. Kf2 Kf8 26. Ra4 Rb7 27.
Kf3 Rxb2 28. Rxa7 g6 29. h4 h5 30. Ra6 Kg7 31. Ke4 1/2-1/2

[Event "57th World Juniors 2018"]
[Site "Manavgat TUR"]
[Date "2018.09.07"]
[Round "4.14"]
[White "Haria, Ravi"]
[Black "Van Foreest, Jorden"]
[Result "1/2-1/2"]
[WhiteTitle "IM"]
[BlackTitle "GM"]
[WhiteElo "2442"]
[BlackElo "2624"]
[WhiteFideId "415820"]
[BlackFideId "1039784"]
[EventDate "2018.09.05"]

1. Nf3 d5 2. g3 Nc6 3. d4 Bf5 4. Bg2 Nb4 5. Na3 e6 6. O-O Be7 7. c3 Nc6 8. Qb3
Rb8 9. c4 Nf6 10. Rd1 O-O 11. Bd2 Be4 12. Be1 Bxa3 13. bxa3 dxc4 14. Qxc4 Qd5
15. Qxd5 Bxd5 16. Ne5 Bxg2 17. Kxg2 Nxe5 18. dxe5 Nd5 19. e4 Nb6 20. Rac1 Rfc8
21. Ba5 Kf8 22. Bxb6 axb6 23. Rd7 c6 24. a4 Ke8 25. Rd3 Ra8 26. Rb3 Rxa4 27.
Rxb6 Rc7 28. Rcb1 Ra7 29. a4 Kd7 30. R1b4 Kc8 31. Kf1 Rd7 32. Ke2 Ra5 33. f4 Rc5
34. Rb2 Rc4 35. R6b4 Rxb4 36. Rxb4 Kc7 37. a5 Rd8 38. Rc4 Rd7 39. g4 b6 40.
axb6+ Kxb6 41. Rc1 c5 42. Ke3 Kb5 43. Rb1+ Ka4 44. Rc1 Kb4 45. Rb1+ Ka3 46. Rc1
Rc7 47. Kd3 Kb2 48. Rc2+ Kb3 49. Rc3+ Kb4 50. Rc4+ Kb5 51. Rc1 c4+ 52. Kc3 Ra7
53. Rd1 Kc5 54. f5 Ra3+ 55. Kc2 Re3 56. Rd7 Rxe4 57. Rxf7 exf5 58. gxf5 Rxe5 59.
Rxg7 Re2+ 60. Kc3 Rxh2 61. f6 Rh3+ 62. Kc2 h6 63. f7 Rf3 64. Rg6 h5 65. Rg5+ Kb4
66. Rxh5 Rf2+ 67. Kb1 Kb3 68. Rb5+ Kc3 69. Rh5 Rf1+ 70. Ka2 Rxf7 71. Rh3+ Kb4
72. Kb2 Rf2+ 73. Kb1 Rd2 74. Kc1 Rd3 75. Rxd3 cxd3 76. Kd2 Kc4 77. Kd1 d2 78.
Kxd2 1/2-1/2

[Event "57th World Juniors 2018"]
[Site "Manavgat TUR"]
[Date "2018.09.07"]
[Round "4.15"]
[White "Martirosyan, Haik M."]
[Black "Mohammad, Nubairshah Shaikh"]
[Result "1-0"]
[WhiteTitle "GM"]
[BlackTitle "IM"]
[WhiteElo "2597"]
[BlackElo "2443"]
[WhiteFideId "13306553"]
[BlackFideId "5053196"]
[EventDate "2018.09.05"]

1. d4 d5 2. c4 c6 3. Nf3 Nf6 4. Nc3 dxc4 5. a4 Bf5 6. e3 e6 7. Bxc4 Bb4 8. O-O
O-O 9. Qe2 Nbd7 10. e4 Bg6 11. Bd3 Bh5 12. e5 Nd5 13. Nxd5 cxd5 14. Qe3 Be7 15.
Ng5 Bxg5 16. Qxg5 Qxg5 17. Bxg5 Nb8 18. Bd2 Nc6 19. Bc3 Bg6 20. Be2 Rac8 21. a5
a6 22. Rfe1 Rc7 23. Bf1 Rfc8 24. Ra3 Bc2 25. Rc1 Bg6 26. Re1 Bc2 27. h3 h6 28.
Kh2 Kf8 29. g4 Ke8 30. Kg3 Kd7 31. f3 Ke8 32. Kf2 Kd7 33. Ke3 Rh8 34. Rc1 Bg6
35. Raa1 Rhc8 36. Bd2 Na7 37. Rc3 h5 38. Be2 hxg4 39. hxg4 Rxc3+ 40. Bxc3 Rh8
41. Bb4 Nc6 42. Bc5 f6 43. exf6 gxf6 44. b4 e5 45. b5 exd4+ 46. Kf4 d3 47. bxc6+
Kxc6 48. Bxd3 Bxd3 49. Bd4 Rh6 50. Ra3 Be2 51. Rb3 Kc7 52. Re3 Bd1 53. Re1 Ba4
54. Re6 Kd7 55. Rxf6 Rxf6+ 56. Bxf6 d4 57. Bxd4 Bd1 58. Kg3 Ke6 59. f4 Kd5 60.
Bb6 Ke4 61. Bc7 Ba4 62. Kh4 Kd5 63. Kg5 Ke6 64. f5+ Kf7 65. Kf4 Bb3 66. g5 Kg7
67. Be5+ Kh7 68. Bd4 Ba4 69. Ke5 Kg7 70. Ke6+ Kh7 71. Kf7 Bb3+ 72. Kf8 Bd5 73.
Bg7 1-0

[Event "57th World Juniors 2018"]
[Site "Manavgat TUR"]
[Date "2018.09.07"]
[Round "4.16"]
[White "Ozen, Deniz"]
[Black "Esipenko, Andrey"]
[Result "0-1"]
[WhiteTitle "FM"]
[BlackTitle "GM"]
[WhiteElo "2431"]
[BlackElo "2593"]
[WhiteFideId "6349196"]
[BlackFideId "24175439"]
[EventDate "2018.09.05"]

1. e4 e5 2. Nf3 Nc6 3. Bb5 g6 4. O-O Bg7 5. c3 a6 6. Ba4 d6 7. h3 b5 8. Bb3 Nge7
9. d4 exd4 10. cxd4 O-O 11. a3 Na5 12. Ba2 c5 13. Nc3 c4 14. d5 f5 15. exf5 Nxf5
16. Re1 h6 17. Ne2 Nb7 18. Nf4 Qf6 19. Bb1 Nc5 20. Bc2 Qf7 21. g4 g5 22. gxf5
Bxf5 23. Ne6 Bxc2 24. Qxc2 Nxe6 25. dxe6 Qxf3 26. e7 Rfe8 27. a4 Qf7 28. axb5
axb5 29. Rxa8 Rxa8 30. Qe4 Re8 31. Qb7 Be5 32. Qxb5 Rxe7 33. Rd1 Rb7 34. Qc6 Kg7
35. Kg2 Rb3 36. Rxd6 Bxd6 37. Qxd6 Kh7 38. Qe5 Rd3 39. Qe4+ Kg8 40. f3 Rb3 41.
Qa8+ Kg7 42. Qe4 Rb7 43. Be3 Rxb2+ 44. Kg1 Rb7 45. Bd4+ Kg8 46. Qc6 Rd7 47. Qc8+
Kh7 48. Qh8+ Kg6 49. Kg2 Rd5 50. h4 gxh4 51. Be3 h3+ 52. Kg3 Rh5 53. Kh2 Qe6 54.
Qf8 Qxe3 55. Qg8+ Kf6 56. Qf8+ Ke5 57. Qe7+ Kd4 0-1

[Event "57th World Juniors 2018"]
[Site "Manavgat TUR"]
[Date "2018.09.07"]
[Round "4.17"]
[White "Petrosyan, Manuel"]
[Black "Garayev, Kanan"]
[Result "1-0"]
[WhiteTitle "GM"]
[BlackTitle "FM"]
[WhiteElo "2581"]
[BlackElo "2404"]
[WhiteFideId "13300857"]
[BlackFideId "13406671"]
[EventDate "2018.09.05"]

1. d4 Nf6 2. c4 e6 3. Nf3 d5 4. Nc3 Bb4 5. Qa4+ Nc6 6. e3 Bd7 7. Qc2 dxc4 8.
Bxc4 Qe7 9. Bd2 O-O 10. O-O e5 11. d5 Nb8 12. e4 c6 13. Bg5 h6 14. dxc6 Bxc6 15.
Bxf6 Qxf6 16. Nd5 Bxd5 17. Bxd5 Nc6 18. Bxc6 bxc6 19. Rac1 Rfc8 20. Rfd1 Rd8 21.
a3 Bf8 22. Qc3 Rxd1+ 23. Rxd1 Rd8 24. Rxd8 Qxd8 25. g3 Qd1+ 26. Kg2 Qe2 27. Qxe5
Qc2 28. b4 c5 29. b5 Qb3 30. Qd5 Qxb5 31. Ne5 Qe8 32. h4 Qe7 33. h5 Qc7 34. f4
Bd6 35. Nc4 Be7 36. e5 Bf8 37. f5 Qe7 38. e6 fxe6 39. fxe6 Kh7 40. Qf5+ Kg8 41.
Qd5 Kh7 42. g4 Qc7 43. Kf3 1-0

[Event "57th World Juniors 2018"]
[Site "Manavgat TUR"]
[Date "2018.09.07"]
[Round "4.18"]
[White "Tabatabaei, M.amin"]
[Black "Lagunow, Raphael"]
[Result "1-0"]
[WhiteTitle "GM"]
[BlackTitle "FM"]
[WhiteElo "2576"]
[BlackElo "2403"]
[WhiteFideId "12521213"]
[BlackFideId "24652644"]
[EventDate "2018.09.05"]

1. c4 Nf6 2. Nc3 c5 3. Nf3 Nc6 4. g3 d5 5. d4 e6 6. cxd5 Nxd5 7. Bg2 Nb6 8. Be3
Nc4 9. O-O Nxe3 10. fxe3 Be7 11. Rc1 O-O 12. Ne4 cxd4 13. exd4 Qb6 14. Rf2 Rd8
15. e3 h6 16. Rxc6 Qxc6 17. Ne5 Qc7 18. Qh5 Rf8 19. Rxf7 Qc1+ 20. Bf1 Qxe3+ 21.
Nf2 Bd7 22. Qg6 Bf6 23. Ng4 Qg5 24. Nxf6+ Qxf6 25. Rxf6 Rxf6 26. Qe4 Bc6 27. Qe3
Raf8 28. Bc4 Rxf2 29. Bxe6+ 1-0

[Event "57th World Juniors 2018"]
[Site "Manavgat TUR"]
[Date "2018.09.07"]
[Round "4.19"]
[White "Pichot, Alan"]
[Black "Agmanov, Zhandos"]
[Result "1/2-1/2"]
[WhiteTitle "GM"]
[BlackTitle "FM"]
[WhiteElo "2562"]
[BlackElo "2379"]
[WhiteFideId "110973"]
[BlackFideId "13708309"]
[EventDate "2018.09.05"]

1. e4 e6 2. d4 d5 3. Nc3 Nf6 4. e5 Nfd7 5. f4 c5 6. Nf3 Nc6 7. Be3 Be7 8. a3 b6
9. Bd3 O-O 10. O-O Bb7 11. Nb5 f5 12. exf6 Nxf6 13. Ne5 a6 14. Nc3 Qc7 15. Nxc6
Bxc6 16. Qf3 Bd6 17. Rae1 Bb7 18. Qh3 Rae8 19. Rf3 cxd4 20. Bxd4 e5 21. fxe5
Bxe5 22. Rxe5 Rxe5 23. Bxe5 Qxe5 24. Qg3 Qxg3 25. Rxg3 Ne4 26. Bxe4 dxe4 27. Re3
Rc8 28. Kf2 Kf7 29. Re2 Rc4 30. Rd2 Ke7 31. Ke3 g6 32. Rd4 Rc5 33. g3 Bc6 34.
Rd2 Rc4 35. g4 Bb7 36. Rf2 h6 37. h4 b5 38. Rd2 Bc6 39. Ne2 Rc5 40. b4 Rc4 41.
g5 hxg5 42. hxg5 Bb7 43. c3 Ke6 44. Rd1 Kf5 45. Rd7 Bc8 46. Rd5+ Kg4 47. Rc5
Rxc5 48. bxc5 Kxg5 49. Kxe4 1/2-1/2

[Event "57th World Juniors 2018"]
[Site "Manavgat TUR"]
[Date "2018.09.07"]
[Round "4.20"]
[White "Bai, Jinshi"]
[Black "Ozer, Omer Faruk"]
[Result "1-0"]
[WhiteTitle "GM"]
[BlackTitle "IM"]
[WhiteElo "2556"]
[BlackElo "2388"]
[WhiteFideId "8602280"]
[BlackFideId "6354564"]
[EventDate "2018.09.05"]

1. d4 e6 2. c4 Bb4+ 3. Nd2 b6 4. e4 c5 5. d5 Ne7 6. Bd3 Ng6 7. Ne2 Ne5 8. Qc2 b5
9. cxb5 a6 10. b6 a5 11. O-O Bxd2 12. Bxd2 Qxb6 13. Bc3 Nxd3 14. Qxd3 Ba6 15.
Qd2 Bxe2 16. Qxe2 O-O 17. Rad1 Ra7 18. Qe3 f6 19. dxe6 dxe6 20. e5 Rd7 21. exf6
gxf6 22. Rxd7 Nxd7 23. Qg3+ Kf7 24. Rd1 Qb5 25. Qc7 Ke7 26. Qd6+ 1-0

[Event "57th World Juniors 2018"]
[Site "Manavgat TUR"]
[Date "2018.09.07"]
[Round "4.21"]
[White "Lomasov, Semyon"]
[Black "Schekachikhin, Maksim"]
[Result "1-0"]
[WhiteTitle "IM"]
[BlackTitle "IM"]
[WhiteElo "2545"]
[BlackElo "2356"]
[WhiteFideId "24164879"]
[BlackFideId "24177830"]
[EventDate "2018.09.05"]

1. e4 c6 2. d4 d5 3. e5 Bf5 4. h4 h5 5. Bd3 Bxd3 6. Qxd3 e6 7. Bg5 Qb6 8. Nd2 c5
9. c4 Qxb2 10. Rd1 Nc6 11. Ngf3 Be7 12. O-O Bxg5 13. Nxg5 Nge7 14. cxd5 Qxd4 15.
Qf3 Nxe5 16. Qe2 Kf8 17. Nde4 Qc4 18. Qb2 exd5 19. Nd6 Qf4 20. Ndxf7 Nc4 21.
Qxb7 Rb8 22. Qxa7 Nc6 23. Qxc5+ 1-0

[Event "57th World Juniors 2018"]
[Site "Manavgat TUR"]
[Date "2018.09.07"]
[Round "4.22"]
[White "Percivaldi, Martin"]
[Black "Jarmula, Lukasz"]
[Result "0-1"]
[WhiteTitle "IM"]
[BlackTitle "IM"]
[WhiteElo "2376"]
[BlackElo "2504"]
[WhiteFideId "1508148"]
[BlackFideId "1160664"]
[EventDate "2018.09.05"]

1. d4 Nf6 2. c4 e6 3. Nf3 d5 4. g3 dxc4 5. Bg2 Bb4+ 6. Nbd2 b5 7. O-O O-O 8. a4
c6 9. Ne1 Nd5 10. e4 Nc7 11. e5 a6 12. Ne4 Nd7 13. Qg4 f5 14. exf6 Nxf6 15.
Nxf6+ Qxf6 16. Bg5 Qf5 17. Qh4 h6 18. Be3 Nd5 19. g4 Qg6 20. Nf3 Bd6 21. Ne5
Bxe5 22. dxe5 Bb7 23. Bc5 Nf4 24. Bxf8 Rxf8 25. Rad1 Nxg2 26. Kxg2 c5+ 27. Kg1
Rf4 28. h3 Qe4 29. f3 Rxf3 30. Rxf3 Qxf3 31. Rd2 b4 32. Qd8+ Kh7 33. g5 Qg3+ 34.
Kf1 Be4 35. Ke2 Qf3+ 36. Ke1 Bd3 0-1

[Event "57th World Juniors 2018"]
[Site "Manavgat TUR"]
[Date "2018.09.07"]
[Round "4.23"]
[White "Shailesh, Dravid"]
[Black "Bellahcene, Bilel"]
[Result "0-1"]
[WhiteTitle "FM"]
[BlackTitle "GM"]
[WhiteElo "2325"]
[BlackElo "2501"]
[WhiteFideId "25017969"]
[BlackFideId "696358"]
[EventDate "2018.09.05"]

1. e4 c5 2. Nf3 d6 3. d4 cxd4 4. Nxd4 Nf6 5. Nc3 a6 6. Bg5 Nbd7 7. Bc4 Qb6 8.
O-O Qc5 9. Bd5 e6 10. Re1 Ne5 11. Bb3 Be7 12. Na4 Qc7 13. c4 h6 14. Bd2 b6 15.
Rc1 Nd3 16. f4 Nxe1 17. Qxe1 O-O 18. Qe2 Re8 19. Nc3 e5 20. Nf5 Bxf5 21. exf5 d5
22. Nxd5 Nxd5 23. cxd5 Bc5+ 24. Kh1 exf4 25. Qg4 Qe5 26. Rf1 Qxb2 27. Bxf4 Qe2
28. Qxe2 Rxe2 29. f6 Rae8 0-1

[Event "57th World Juniors 2018"]
[Site "Manavgat TUR"]
[Date "2018.09.07"]
[Round "4.24"]
[White "Thybo, Jesper Sondergaard"]
[Black "Ozen, Bahadir"]
[Result "1/2-1/2"]
[WhiteTitle "IM"]
[BlackTitle "FM"]
[WhiteElo "2499"]
[BlackElo "2326"]
[WhiteFideId "1438832"]
[BlackFideId "6337058"]
[EventDate "2018.09.05"]

1. e4 e5 2. Nf3 Nc6 3. Bc4 Bc5 4. c3 Nf6 5. d3 d6 6. O-O a5 7. Re1 O-O 8. Bg5 h6
9. Bh4 g5 10. Bg3 Kg7 11. d4 Bb6 12. dxe5 dxe5 13. Qxd8 Rxd8 14. Na3 Bg4 15.
Nxe5 Nxe5 16. Bxe5 Rd2 17. Bd4 Bxd4 18. cxd4 Rxd4 19. f3 Be6 20. Rac1 c6 21.
Red1 Rad8 22. Rxd4 Rxd4 23. Bxe6 fxe6 24. Nc4 a4 25. Rc2 Nd7 26. Na5 Rb4 27. Nc4
Kf6 28. Kf2 Ne5 29. Nxe5 Kxe5 30. Ke3 b6 31. g3 c5 32. f4+ 1/2-1/2

[Event "57th World Juniors 2018"]
[Site "Manavgat TUR"]
[Date "2018.09.07"]
[Round "4.25"]
[White "Pang, Tao"]
[Black "Priasmoro, Novendra"]
[Result "1/2-1/2"]
[BlackTitle "FM"]
[WhiteElo "2290"]
[BlackElo "2498"]
[WhiteFideId "8609950"]
[BlackFideId "7105029"]
[EventDate "2018.09.05"]

1. Nf3 Nf6 2. c4 g6 3. Nc3 Bg7 4. d4 O-O 5. Bf4 d6 6. Qd2 Bg4 7. Bh6 Bxf3 8.
Bxg7 Kxg7 9. gxf3 e5 10. f4 exd4 11. Qxd4 Nc6 12. Qd2 Ng4 13. Bh3 Qh4 14. Bxg4
Qxg4 15. O-O-O Ne7 16. h4 Qe6 17. h5 Qxc4 18. f5 Rh8 19. e4 b5 20. b3 Qc5 21.
Kb1 b4 22. Nd5 Nxd5 23. h6+ Kf6 24. exd5 Qc3 25. Qxc3+ bxc3 26. fxg6 hxg6 27.
Rc1 Rac8 28. Rxc3 g5 29. h7 Kg6 30. Rch3 Rce8 31. f4 gxf4 32. Rg1+ Kf6 33. Rh6+
Ke7 34. Rf1 Kf8 35. Rxf4 Kg7 36. Rh2 Re7 37. Rg4+ Kf8 38. Kb2 f6 39. Rgh4 Kg7
40. Rg4+ Kf8 41. Rgh4 Kg7 42. Rg4+ Kf7 43. Rf4 Ke8 44. Rxf6 Rhxh7 45. Rd2 Kd7
46. Rf4 Rh5 47. Ra4 Ree5 1/2-1/2